书目信息 |
| 题名: |
化学试剂配制手册
|
|
| 作者: | 楼书聪 , 杨玉玲 主编 | |
| 分册: | ||
| 出版信息: | 南京 江苏科学技术出版社 2002.11 |
|
| 页数: | 1499页 | |
| 开本: | 20cm | |
| 丛书名: | ||
| 单 册: | ||
| 中图分类: | TQ421-62 | |
| 科图分类: | ||
| 主题词: | 化学试剂 | |
| 电子资源: | ||
| ISBN: | 7-5345-3590-5 | |
| 000 | 00645nam0 2200217 45 | |
| 001 | 0358783681 | |
| 005 | 20050614102637.87 | |
| 010 | @a7-5345-3590-5@d68.00RMB | |
| 100 | @a20030325d2002 km y0chiy0120 ea | |
| 101 | 0 | @achi |
| 102 | @aCN@b320000 | |
| 200 | 1 | @a化学试剂配制手册@Ahua xue shi ji pei zhi shou ce@f楼书聪,杨玉玲主编@FLou Shu Cong,Yang Yu Ling Zhu Bian |
| 205 | @a第二版 | |
| 210 | @a南京@c江苏科学技术出版社@d2002.11 | |
| 215 | @a1499页@d20cm | |
| 606 | 0 | @a化学试剂 |
| 690 | @aTQ421-62@v3 | |
| 701 | 0 | @a楼书聪@ALou Shu Cong@4主编 |
| 701 | 0 | @a杨玉玲@AYang Yu Ling@4主编 |
| 801 | 0 | @aCN@bPFT@c20050614 |
| 905 | @dTQ421-62@eL776 | |
| 化学试剂配制手册/楼书聪,杨玉玲主编.-第二版.-南京:江苏科学技术出版社,2002.11 |
| 1499页;20cm |
| ISBN 7-5345-3590-5:68.00RMB |
| ● |
| 相关链接 |
|
|
|
正题名:化学试剂配制手册
索取号:TQ421-62/L776
 
预约/预借
| 序号 | 登录号 | 条形码 | 馆藏地/架位号 | 状态 | 备注 |
| 1 | 371071 | 203710715 | 自科库501/501自科库 39排3列2层/ [索取号:TQ421-62/L776] | 在馆 | |
| 2 | 371072 | 203710724 | 自科库501/501自科库 39排3列2层/ [索取号:TQ421-62/L776] | 在馆 | |
| 3 | 533453 | 205334538 | 自科二线504/504自科库 30排3列3层/ [索取号:TQ421-62/L776] | 在馆 | |
| 4 | 533454 | 205334547 | 自科二线504/504自科库 30排3列3层/ [索取号:TQ421-62/L776] | 在馆 |